Ariana Grande songs - Statistics

General Stats
  • This quiz has been taken 53 times
  • The average score is 20 of 23
Answer Stats
Hint Answer % Correct
___ is a woman God
100%
Thank u, ____ Next
100%
7 _____ Rings
100%
No _____ left to cry Tears
98%
Make __ Up
96%
Shut __ Up
96%
Break up with your girlfriend, I’m _____ Bored
93%
In __ head My
93%
34 + __ 35
91%
___ idea Bad
91%
R _ M E
91%
Get well ____ Soon
87%
Better ___ Off
85%
_________ n go Goodnight
83%
Fake _____ Smile
83%
The light is ______ Coming
80%
_____ with U Stuck
80%
Off the _____ Table
80%
Just like _____ Magic
78%
______ net Safety
78%
Six ______ Thirty
76%
My ____ Hair
61%
Love ________ Language
59%
No matching quizzes found
Score Distribution
Percent of People with Each Score
Percentile by Number Answered
Your Score History
You have not taken this quiz